Datum a čas kvízu
31.5
Celkem bodů
Celkový počet nahraných bodů na tomto kvízu bez doplňovacích otázek.
6.
Pořadí na kvízu
Konečné umístění týmu na tomto kvízu.
Zaznamenané odpovědi
| # | Otázka | Odpověď | Body | Výsledky |
|---|---|---|---|---|
| 1. | Pražská soukromá vysoká škola... | je online | 0 | |
| 2. | Napište dvouslovný název chemi... | dusičnan (ledek) amonný | 1 | |
| 3. | Minulý týden se v Praze konal... | Střelecký ostrov | 1 | |
| 4. | Společnost Škoda Auto má novéh... | Jihoafrická republika | 1 | |
| 5. | Fotbalisté Pardubic budou v na... | Bohemians 1905 | 0 | |
| 6. | Historie kulečníkových her sah... | slonovina | 1 | |
| 7. | Kulečník, nebo také biliár (z... | pool | 1 | |
| 8. | Osmička (Eight-ball) se hraje... | A | 0 | |
| 9. | Nyní vám pustíme ukázku ze ser... | karambol | 1 | |
| 10. | The Hustler, česky Hazardní hr... | Barva peněz | 0 |